Histoires de nourriture : la morue - Statistiques

Statistiques générales
  • Ce quiz a été pris 341 fois
  • Le résultat moyen est 6 sur 15
Statistiques - réponses
Indice Réponse % Correct
Pays européen dont la spécialité est la morue, appelée bacalhau Portugal
85%
Organe de la morue dont on extrait une huile réputée fortifiante Foie
84%
Autre nom de la morue Cabillaud
72%
Spécialité antillaise à base de morue Acra
70%
Nom du phénomène (humain) qui a conduit à l'extinction de 99% des morues de l'Atlantique Surpêche
48%
Spécialité nîmoise à base de morue Brandade
46%
Archipel français qui a développé une intense activité morutière Saint-Pierre et Miquelon
44%
Ile canadienne réputée pour ses bancs de morue Terre-Neuve
43%
Poisson compagnon des morues sur les trottoirs des grandes villes Maquereau
40%
La "guerre de la morue" a opposé le Royaume Uni à ce pays au cours du 20ème siècle Islande
31%
Citer l'un des importants ports morutiers historiques de France métropolitaine Saint-Malo, Fécamp, Granville, Paimpol
23%
Auteur d'un roman racontant l'histoire d'un pêcheur de morue Pierre Loti
17%
Appellation des pêcheurs se rendant depuis l'Europe dans cette île pour y pêcher la morue Terre-neuvas
15%
Nom du premier ministre français qui a signé le moratoire sur la pêche à la morue en Atlantique nord Michel Rocard
5%
Nom latin de la morue (genre) Gades
1%
Aucun quiz correspondant
Distribution des résultats
% des personnes avec chaque résultat
Percentile par nombre de réponses
Votre historique - résultats
Vous n’avez pas pris ce quiz